Slovenský kalendár na rok ... ku poučeniu slovenského ľudu

Bibliographic Details
Format: Serial
Language:Slovak
PhysicalDescription:zv. 24 cm
Published: V Chicago, Ill. Slovenský Spevokol "Lipa" [1912-19--]
Subjects:

MARC

LEADER 00000cas a2200000 a 4500
001 vtls010096041
003 SK-MaSNL
005 20260228164235.0
008 200401d191219uuxxuar| 55 0 0slo d
040 |a SNK  |b slo  |c SNK  |e AACR2 
041 0 |a slo 
044 |a xxu  |c US 
072 7 |a 050  |x Seriálové publikácie. Periodiká  |2 konspekt 
072 7 |a 394  |x Verejný a spoločenský život. Každodenný život  |2 konspekt 
080 |a 050  |2 2011 
080 |a (059)  |2 2011 
080 |a 394  |2 2011 
245 0 0 |a Slovenský kalendár na rok ...  |b ku poučeniu slovenského ľudu 
246 1 3 |a Slovenský kalendár na obyčajný rok ... majúci ... dní  |f 1914 
246 1 3 |a Slovenský kalendár na rok ... majúci ... dní  |f 1915 
260 |a V Chicago, Ill.  |b Slovenský Spevokol "Lipa"  |c [1912-19--]  |e Pittsburgh, Pa.  |f "Slovenský Hlásnik" 
300 |a zv.  |c 24 cm 
310 |a 1x ročne 
500 |a Popis podľa : Roč. I (1913) 
500 |a Súčasťou názvu je označenie kalendárneho roku a počtu dní 
650 0 7 |a každodenný život  |2 SNKPH  |9 4946 
650 0 7 |a Everyday life  |2 SNKPHeng  |9 265105 
655 7 |a textové kalendáre  |2 SNKPH  |9 60816 
655 7 |a Text calendars  |2 SNKPHeng  |9 265087 
752 |a USA  |d Chicago 
910 |a snk 
916 |a 1913-1915 
999 |c 12858  |d 14788 
952 |0 0  |1 0  |4 0  |7 0  |a SNK  |b SNK  |d 2010-05-17  |f 1  |i snk 1407/27  |l 0  |o snkČSC 63/1/1913  |p 17A0656216  |r 2026-02-21 19:43:13  |w 2026-02-21  |y PREZ 
952 |0 0  |1 0  |4 0  |7 0  |a SNK  |b SNK  |d 2010-05-17  |f 1  |i snk 3276/36  |l 0  |o snkČSC 63/2/1914  |p 17A0656620  |r 2026-02-21 19:43:13  |w 2026-02-21  |y PREZ 
952 |0 0  |1 0  |4 0  |7 0  |a SNK  |b SNK  |d 2010-05-17  |f 1  |i snk 3277/36  |l 0  |o snkČSC 63/3/1915  |p 17A0656632  |r 2026-02-21 20:22:08  |w 2026-02-21  |y PREZ 
952 |0 0  |1 0  |4 0  |7 0  |8 3  |a SNK  |b SNK  |d 2016-10-18  |i snkK 2002/69  |l 0  |o snkČSC 63/1/1913 D1  |p 17A1185813  |r 2026-02-21 22:10:30  |w 2026-02-21  |y PREZ